| 000 | 01090nmc a2200361 a 4500 | ||
|---|---|---|---|
| 003 | AR-BaBNM | ||
| 005 | 20251128211308.0 | ||
| 008 | 213120s2003 ||||||||||||||000 | spa|| | ||
| 020 | _a987-1037-08-2 | ||
| 040 | _cAR-BaBNM | ||
| 245 | 1 | 0 | _aEl espacio cultural de los mitos, ritos, leyendas, celebraciones y devociones |
| 260 |
_aBuenos Aires _bComisión para la Preservación del Patrimonio Histórico Cultural de la Ciudad de Buenos Aires _c2003 |
||
| 300 | 0 | _a526 p. | |
| 490 | 0 |
_aTemas de patrimonio cultural _vv. 7 |
|
| 650 | 4 | _aHISTORIA ARGENTINA | |
| 650 | 4 | _aNACIONALISMO CULTURAL | |
| 650 | 4 | _aFESTIVIDADES | |
| 650 | 4 | _aCOSTUMBRES Y TRADICIONES | |
| 650 | 4 | _aPATRIMONIO CULTURAL | |
| 650 | 4 | _aCREENCIA RELIGIOSA | |
| 650 | 4 | _aHISTORIA CULTURAL | |
| 650 | 4 | _aANTROPOLOGIA CULTURAL Y SOCIAL | |
| 650 | 4 | _aLEYENDAS | |
| 650 | 4 | _aRITOS | |
| 650 | 4 | _aFOLKLORE | |
| 651 | 4 | _aArgentina | |
| 653 | 0 | _aMITOS | |
| 653 | 0 | _aVIDA PRIVADA | |
| 700 | 1 |
_aMaronese, Leticia _eprologuista |
|
| 700 | 1 |
_aFajre, Silvia _eprologuista |
|
| 942 | _cBK | ||
| 998 | _cmariana | ||
| 999 |
_c19046 _d19046 |
||